000 01626nam a22002417a 4500
999 _c59890
_d59890
003 Ge_BSU
005 20230505155911.0
008 230505s2013 ge ||||| |||| 00| 0 geo d
020 _a9789994021802
041 _ageo
080 _a726:27-523.4(479.22) ს-96
100 _aსურმანიძე, რამაზ
_917997
245 _aქრისტიანული ძეგლების ტოპონიმია და ძველი საეკლესიო მოღვაწენი /
_cრამაზ სურმანიძე; რედ. ნუგზარ ცეცხლაძე.
264 _aბათუმი :
_bს.ს. "გამომცემლობა აჭარა",
_c2013.
300 _a224 გვ. :
_bფოტ. ;
_c22 სმ.
500 _aეძღვნება საქ. კათალიკოს-პატრიარქის..ილია II დაბადების 80 და პატრიარქად აღსაყდრების 35 წლისთავს
501 _aწიგნი გამოდის აჭარის ა/რ განათლების, კულტურისა და სპორტის სამინისტროს მხარდაჭერით.
504 _aბიბლიოგრ.: გვ. 217-219.
653 _aქრისტიანული ძეგლები საქართველოში
653 _aქართული ტოპონიმია
700 _aცეცხლაძე, ნუგზარ
_eრედაქტორი
_97538
942 _2udc
_cBK